<?xml version="1.0" encoding="UTF-8"?>
<record
    xmlns:xsi="http://www.w3.org/2001/XMLSchema-instance"
    xsi:schemaLocation="http://www.loc.gov/MARC21/slim http://www.loc.gov/standards/marcxml/schema/MARC21slim.xsd"
    xmlns="http://www.loc.gov/MARC21/slim">

  <leader>00903nam a2200205 i 4500</leader>
  <controlfield tag="001">53818</controlfield>
  <controlfield tag="003">ES-MaACL</controlfield>
  <controlfield tag="005">20250809034227.0</controlfield>
  <controlfield tag="007">t|</controlfield>
  <controlfield tag="008">960709s1863    sp           ||||1| spa d</controlfield>
  <datafield tag="040" ind1=" " ind2=" ">
    <subfield code="a">CAM </subfield>
    <subfield code="b">spa </subfield>
    <subfield code="c">CAM</subfield>
  </datafield>
  <datafield tag="245" ind1="0" ind2="0">
    <subfield code="a">Colecci&#xF3;n legislativa hipotecaria y notarial </subfield>
    <subfield code="b">: que comprende todas las leyes, decretos, reales &#xF3;rdenes de la Direcci&#xF3;n General del Registro de la Propiedad. </subfield>
    <subfield code="n">T.I / </subfield>
    <subfield code="c">publicada por Manuel Fern&#xE1;ndez Mart&#xED;n.</subfield>
  </datafield>
  <datafield tag="260" ind1=" " ind2=" ">
    <subfield code="a">Madrid : </subfield>
    <subfield code="b">[s.n.], </subfield>
    <subfield code="c">1863 (</subfield>
    <subfield code="f">imprenta notarial e hipotecaria de los Sres. Martinez y Bogo)</subfield>
  </datafield>
  <datafield tag="300" ind1=" " ind2=" ">
    <subfield code="a">286 p. ; </subfield>
    <subfield code="c">25 cm.</subfield>
  </datafield>
  <datafield tag="650" ind1=" " ind2="4">
    <subfield code="a">Hipotecas-</subfield>
    <subfield code="z">Espa&#xF1;a-</subfield>
    <subfield code="v">Legislaci&#xF3;n.</subfield>
    <subfield code="9">13366</subfield>
  </datafield>
  <datafield tag="650" ind1="0" ind2="4">
    <subfield code="a">Derecho notarial-</subfield>
    <subfield code="z">Espa&#xF1;a</subfield>
    <subfield code="9">11745</subfield>
  </datafield>
  <datafield tag="700" ind1="1" ind2=" ">
    <subfield code="a">Fern&#xE1;ndez Mart&#xED;n, Manuel,</subfield>
    <subfield code="d">1864-1902</subfield>
    <subfield code="9">49899</subfield>
  </datafield>
  <datafield tag="852" ind1=" " ind2=" ">
    <subfield code="a">ES-MaACL</subfield>
    <subfield code="j">T-250-F-4 </subfield>
    <subfield code="z">.- Anotaci&#xF3;n manuscrita: Al Ateneo su socio Enrique Veelay</subfield>
  </datafield>
  <datafield tag="999" ind1=" " ind2=" ">
    <subfield code="c">53818</subfield>
    <subfield code="d">53818</subfield>
  </datafield>
  <datafield tag="952" ind1=" " ind2=" ">
    <subfield code="0">0</subfield>
    <subfield code="1">0</subfield>
    <subfield code="4">0</subfield>
    <subfield code="7">0</subfield>
    <subfield code="8">Colecci&#xF3;n_de_folletos</subfield>
    <subfield code="a">ATENEOM</subfield>
    <subfield code="b">ATENEOM</subfield>
    <subfield code="c">DEPOF</subfield>
    <subfield code="d">2008-01-17</subfield>
    <subfield code="e">SC</subfield>
    <subfield code="l">0</subfield>
    <subfield code="o">T-250-F-4</subfield>
    <subfield code="p">1056559</subfield>
    <subfield code="r">2023-02-23 00:00:00</subfield>
    <subfield code="w">2023-02-23</subfield>
    <subfield code="y">FOLLETOS</subfield>
  </datafield>
</record>
